ბათუმის შოთა რუსთაველის სახელმწიფო უნივერსიტეტის ბიბლიოთეკა

ძველი რუსული მასალები XI-XVI ს.ს. საქართველოს ისტორიისათვის / (ბიბ.ჩანაწერი № 56540)

000 -ლიდერი
ფიქსირებული სიგრძის საკონტროლო ველი 01746nam a2200277Ia 4500
001 - საკონტროლო ნომერი
საკონტროლო ველი 23654
003 - საკონტროლო ნომრის იდენტიფიკატორი
საკონტროლო ველი GE_BSU
005 - ბოლო ოპერაციის თარიღი და დრო
საკონტროლო ველი 20260304171609.0
008 - ფიქსირებული სიგრძის მონაცემთა ელემენტები - ზოგადი ინფორმაცია
ფიქსირებული სიგრძის საკონტროლო ველი 181216s1962||||ge |||||||||||||| ||geo||
040 ## - კატალოგიზაციის წყარო
Transcribing agency GE_BSU
041 ## - ენის კოდი
Language code of text/sound track or separate title geo
080 ## - უნივერსალური ათობითი კლასიფიკაციის ინდექსი
Universal Decimal Classification number 94(479.22)(093უცხ.) + 930.2(470) ც-66
100 ## - მთავარი ჩანაწერი - პიროვნების სახელი
Personal name ცინცაძე, ი.
9 (RLIN) 18922
245 ## - ცნობა სათაურის შესახებ
Title ძველი რუსული მასალები XI-XVI ს.ს. საქართველოს ისტორიისათვის /
Statement of responsibility, etc ი. ცინცაძე ; მთ. რედ. გ. წერეთელი, რედ. ვ. შადური ; საქ. სსრ მეცნ. აკად., საქ. შესახებ არსებ. უცხ. წყაროების კომისია
264 ## - წარმოების, გამოცემის, დისტრიბუციის და სხვა ცნობები
გამოცემის, წარმოების, დისტრიბუციის... ადგილი თბილისი :
გამოცემის, წარმოების, დისტრიბუციის... სახელწოდება საქ. სსრ მეცნ. აკად. გამ-ბა,
გამოცემის, წარმოების, დისტრიბუციის... თარიღი 1962.
300 ## - ფიზიკური აღწერა
Extent 105 გვ. ;
Dimensions 20 სმ.
500 ## - ზოგადი შენიშვნა
General note დამატებითი თავფურცელი რუსულ და ლათინურ ენაზე
504 ## - BIBLIOGRAPHY, ETC. NOTE
Bibliography, etc ბიბლიოგრაფია შენიშვნებში
520 ## - SUMMARY, ETC.
Summary, etc რეზუმე რუსულ ენაზე
653 ## - INDEX TERM--UNCONTROLLED
Uncontrolled term საქართველოს ისტორიის რუსული წყაროები
653 ## - INDEX TERM--UNCONTROLLED
Uncontrolled term ძველი რუსული მასალები XI-XVI ს.ს. საქართველოს ისტორიისათვის.
700 ## - ADDED ENTRY--PERSONAL NAME
Personal name წერეთელი, გ.
Relator term მთავარი რედაქტორი
9 (RLIN) 27048
700 ## - ADDED ENTRY--PERSONAL NAME
Personal name შადური, ვ.
Relator term რედაქტორი
9 (RLIN) 27049
942 ## - ADDED ENTRY ELEMENTS (KOHA)
Koha item type წიგნი
Source of classification or shelving scheme
ეგზემპლარები
ჩამოწერის სტატუსი დაკარგული ეგზემპლარის სტატუსი კლასიფიკაციის წყარო ან თაროზე გაწყობის სქემა დაზიანების სტატუსი არ გაიცემა მუდმივი მდებარეობა (დაცვის ადგილი) ამჟამინდელი ადგილსამყოფელი თაროზე განთავსების ადგილი შეძენის თარიღი ღირებულება, შესყიდვის ნორმალური ფასი სრული შენახვის შიფრი შტრიხკოდი ბოლო ოპერაციის თარიღი ეგზემპლარის მიმდევრობითი ნომერი (კეტერი?) ფასის ძალაში შესვლის თარიღი ეგზემპლარის სახეობა საჯარო შენიშვნა
          ბათუმის შოთა რუსთაველის სახელმწიფო უნივერსიტეტის მთავარი ბიბლიოთეკა ბათუმის შოთა რუსთაველის სახელმწიფო უნივერსიტეტის მთავარი ბიბლიოთეკა წიგნსაცავი 2018-12-17 60.00 94(479.22)(093უცხ.) + 930.2(470) ც-66 28475 2018-12-17 28475 2018-12-17 წიგნი 60.00 ₾.